| 000 | 00544nam a2200181Ia 4500 | ||
|---|---|---|---|
| 003 | OSt | ||
| 005 | 20260326115412.0 | ||
| 008 | 211028s2008 xx 000 0 und d | ||
| 040 | _cAIMIT LIBRARY | ||
| 041 | _aeng | ||
| 082 | _a658.3 DSON | ||
| 100 |
_aDsouza, Nichell Dominica;P G Aquinas. _g60471332 _95944 |
||
| 245 | _aA study on organisational climate, at lamina suspension products ltd / | ||
| 260 |
_bP G Aquinas _c2008 |
||
| 600 |
_aHuman Resource Management _95945 |
||
| 650 |
_aHuman Resource Management _95946 |
||
| 942 |
_2ddc _cPRO |
||
| 999 |
_c218073 _d218073 |
||